<?xml version="1.0" encoding="UTF-8"?>
<collection xmlns="http://www.loc.gov/MARC21/slim">
    <record>
        <controlfield tag="001">65430</controlfield>
        <controlfield tag="005">20180219131714.0</controlfield>
        <datafield tag="037" ind1=" " ind2=" ">
            <subfield code="a">TAZ-TFG-2017-1645</subfield>
        </datafield>
        <datafield tag="041" ind1=" " ind2=" ">
            <subfield code="a">spa</subfield>
        </datafield>
        <datafield tag="100" ind1="1" ind2=" ">
            <subfield code="a">García Velilla, Inés</subfield>
        </datafield>
        <datafield tag="100" ind1="1" ind2=" ">
            <subfield code="a">Gallart Perales, Adrián</subfield>
        </datafield>
        <datafield tag="242" ind1="0" ind2="0">
            <subfield code="a">Intervention Project for the prevention of intergenerational transmission of violence against children as an educational method in domestic scope. León (Nicaragua)</subfield>
        </datafield>
        <datafield tag="245" ind1="0" ind2="0">
            <subfield code="a">Proyecto de intervención para la prevención de la transmisión intergeneracional de la violencia como método  educativo en el ámbito doméstico. León (Nicaragua)</subfield>
        </datafield>
        <datafield tag="260" ind1=" " ind2=" ">
            <subfield code="a">Zaragoza</subfield>
            <subfield code="b">Universidad de Zaragoza</subfield>
            <subfield code="c">2017</subfield>
        </datafield>
        <datafield tag="500" ind1=" " ind2=" ">
            <subfield code="a">Resumen disponible también en inglés</subfield>
        </datafield>
        <datafield tag="506" ind1=" " ind2=" ">
            <subfield code="a">by-nc-sa</subfield>
            <subfield code="b">Creative Commons</subfield>
            <subfield code="c">3.0</subfield>
            <subfield code="u">http://creativecommons.org/licenses/by-nc-sa/3.0/</subfield>
        </datafield>
        <datafield tag="520" ind1=" " ind2=" ">
            <subfield code="a">La violencia infantil como método educativo en el ámbito doméstico es un problema muy grave en Nicaragua que afecta, no sólo a los niños y niñas nicaragüenses, sino también a sus familias y, en general, a la comunidad. Esta violencia se transmite intergeneracionalmente como un método educativo cultural y socialmente aceptado para corregir las conductas de los niños y las niñas, provocando graves consecuencias negativas en la infancia. Para conocer mejor esta realidad, realizamos el análisis de 311 encuestas de niños, niñas, adolescentes, educadores informales y actores comunitarios, que nos ha permitido realizar una aproximación a la realidad de esta situación en Nicaragua. Es por ello que hemos decidido realizar un proyecto de intervención dirigido a prevenir esta transmisión generacional de la violencia como método educativo en la ciudad de León (Nicaragua).</subfield>
        </datafield>
        <datafield tag="521" ind1=" " ind2=" ">
            <subfield code="a">Graduado en Trabajo Social</subfield>
        </datafield>
        <datafield tag="540" ind1=" " ind2=" ">
            <subfield code="a">Derechos regulados por licencia Creative Commons</subfield>
        </datafield>
        <datafield tag="700" ind1=" " ind2=" ">
            <subfield code="a">Del Rincon Ruiz, Mª del Mar</subfield>
            <subfield code="e">dir.</subfield>
        </datafield>
        <datafield tag="710" ind1="2" ind2=" ">
            <subfield code="a">Universidad de Zaragoza</subfield>
            <subfield code="b">Psicología y Sociología</subfield>
            <subfield code="c">Sociología</subfield>
        </datafield>
        <datafield tag="856" ind1="0" ind2=" ">
            <subfield code="f">682252@celes.unizar.es</subfield>
        </datafield>
        <datafield tag="856" ind1="4" ind2=" ">
            <subfield code="s">2690732</subfield>
            <subfield code="u">http://zaguan.unizar.es/record/65430/files/TAZ-TFG-2017-1645.pdf</subfield>
            <subfield code="y">Memoria (spa)</subfield>
        </datafield>
        <datafield tag="909" ind1="C" ind2="O">
            <subfield code="o">oai:zaguan.unizar.es:65430</subfield>
            <subfield code="p">driver</subfield>
            <subfield code="p">trabajos-fin-grado</subfield>
        </datafield>
        <datafield tag="950" ind1=" " ind2=" ">
            <subfield code="a"></subfield>
        </datafield>
        <datafield tag="951" ind1=" " ind2=" ">
            <subfield code="a">deposita:2018-02-17</subfield>
        </datafield>
        <datafield tag="980" ind1=" " ind2=" ">
            <subfield code="a">TAZ</subfield>
            <subfield code="b">TFG</subfield>
            <subfield code="c">SOCIZ</subfield>
        </datafield>
    </record>

    
</collection>